000 00936nam a2200193 a 4500
008 120925s2000 ||||||||||||||||| || u
020 _a9780582405486
050 _aHB 171.5 Gra
100 _aGrant, S. J
245 1 0 _aStanlake's introductory economics.(7th ed.)
_cby S. J. Grant
250 _a7th ed.
260 _aHarlow, Essex
_bPearson
_c2000
300 _avii, 646p. :ill.
500 _aDonated by Counsellor Kang'ombe
650 0 _aECONOMICS
995 _aMAIN LIBRARY OPEN ACCESS
_e745319
_FCBU-MAIN LIBRARY (Kitwe)
_I9.00
_jHB 171.5 Gra
_M3
_UAVAILABLE
_WSep 4, 2015
_y745319
_ZMain Library Open Access Collection
995 _aMAIN LIBRARY OPEN ACCESS
_e743354
_FCBU-MAIN LIBRARY (Kitwe)
_jHB 171.5 Gra
_M1
_UAVAILABLE
_WOct 1, 2012
_y743354
_ZMain Library Open Access Collection
995 _aMAIN LIBRARY OPEN ACCESS
_e743355
_FCBU-MAIN LIBRARY (Kitwe)
_jHB 171.5 Gra
_M2
_UAVAILABLE
_WOct 1, 2012
_y743355
_ZMain Library Open Access Collection
999 _c76741
_d76741